Universal food security issues for the south
Guardado en:
| Autor Corporativo: | |
|---|---|
| Formato: | Libro |
| Publicado: |
Geneva :
South Centre,
1997.
|
| Materias: | |
| Etiquetas: |
Agregar Etiqueta
Sin Etiquetas, Sea el primero en etiquetar este registro!
|
MARC
| LEADER | 00000nam a2200000 4500 | ||
|---|---|---|---|
| 020 | |a NA |c TZS 1500/= | ||
| 040 | |a MUL |b eng |e AACR | ||
| 082 | |a 338.191724 SOU | ||
| 110 | |a South Centre | ||
| 245 | |a Universal food security issues for the south |c / South Centre | ||
| 260 | |a Geneva : |b South Centre, |c 1997. | ||
| 300 | |a viii, 86p. ; |c 21 cm | ||
| 504 | |a Includes bibliographical references and index | ||
| 650 | |a Food security | ||
| 942 | |c CC | ||
| 999 | |c 9618 |d 9618 | ||